Lectures on the theory of production

Uloženo v:
Podrobná bibliografie
Hlavní autor: Pasinetti, Luigi L.
Médium: Kniha
Jazyk:Undetermined
Vydáno: New York The Macmillan Press 1977
Témata:
Tagy: Přidat tag
Žádné tagy, Buďte první, kdo otaguje tento záznam!
Thư viện lưu trữ: Trung tâm Học liệu Trường Đại học Cần Thơ
LEADER 00507nam a2200181Ia 4500
001 CTU_83447
008 210402s9999 xx 000 0 und d
082 |a 338 
082 |b P282 
100 |a Pasinetti, Luigi L. 
245 0 |a Lectures on the theory of production 
245 0 |c Luigi L. Pasinetti 
260 |a New York 
260 |b The Macmillan Press 
260 |c 1977 
650 |a Production (Economic theory) 
904 |i QHieu(sửa) 
980 |a Trung tâm Học liệu Trường Đại học Cần Thơ